Crops and climate change: Progress, trends and challenges in simulating impacts (Record no. 56557)

MARC details
000 -LEADER
fixed length control field 00601nam a2200217Ia 4500
100 ## - MAIN ENTRY--AUTHOR NAME
Personal name Challinor A.J.
245 #0 - TITLE STATEMENT
Title Crops and climate change: Progress, trends and challenges in simulating impacts
260 ## - PUBLICATION, DISTRIBUTION, ETC. (IMPRINT)
Name of publisher Journal of Experimental Botany
Year of publication 2009
300 ## - PHYSICAL DESCRIPTION
Number of Pages 2775-2789
650 ## - SUBJECT ADDED ENTRY--TOPICAL TERM
Topical Term Adaptation
650 ## - SUBJECT ADDED ENTRY--TOPICAL TERM
Topical Term Climate change
650 ## - SUBJECT ADDED ENTRY--TOPICAL TERM
Topical Term Crops
650 ## - SUBJECT ADDED ENTRY--TOPICAL TERM
Topical Term Model integration
650 ## - SUBJECT ADDED ENTRY--TOPICAL TERM
Topical Term Modelling frameworks
700 ## - ADDED ENTRY--PERSONAL NAME
Personal name Arnold Steve
700 ## - ADDED ENTRY--PERSONAL NAME
Personal name Ewert F.
700 ## - ADDED ENTRY--PERSONAL NAME
Personal name Fraser Evan
700 ## - ADDED ENTRY--PERSONAL NAME
Personal name Simelton Elizabeth
942 ## - ADDED ENTRY ELEMENTS (KOHA)
Koha item type Journals
Holdings
Withdrawn status Lost status Damaged status Not for loan Home library Current library Date acquired Serial Enumeration / chronology Koha item type
      Journals RRII Library RRII Library 23/10/2009 Volume 60, Issue 10 Journals